000 00556nam a2200193Ia 4500
008 131103s9999 xx 000 0 und d
040 _aLoreto College
041 _aEnglish
082 _a954/KOS
_bLCBED/11778
100 _aKosambi, D. D.
245 4 _aThe culture and civilisation of ancient India
_b in historical outline
_cD. D. Kosambi
260 _aNew Delhi
_bVikas
_c1996
300 _axi,243p.
_b ill.
_c 23cm.
504 _aIncludes index
650 _aHistory - India
651 _aIndia - History
850 _aLCBED/954/KOS
942 _cBK
999 _c29165
_d79644